[Event "Prague Menchik Memorial Rapid"]
[Site "Prague"]
[Date "2021.09.28"]
[Round "8"]
[White "Buksa, Jaromir"]
[Black "Hocek, Lukas"]
[Result "1-0"]
[WhiteElo "2083"]
[BlackElo "1565"]
[PlyCount "36"]
[EventDate "2021.09.28"]
[EventType "swiss (rapid)"]
[EventRounds "9"]
[EventCountry "CZE"]
[SourceTitle "CBM 204 Extra"]
[Source "ChessBase"]
[SourceDate "2021.11.30"]
[SourceVersion "1"]
[SourceVersionDate "2021.11.30"]
[SourceQuality "1"]

1. e4 c6 2. d4 d5 3. e5 Bf5 4. Bd3 Bxd3 5. Qxd3 Qa5+ 6. c3 Qa6 7. Qf3 e6 8. Ne2 c5 9. 0-0 Ne7 10. Nf4 cxd4 11. cxd4 Nbc6 12. Rd1 Nf5 13. Nxd5 exd5 14. Qxf5 Qa4 15. Nc3 Nxd4 16. Qd3 Qd7 17. Qxd4 Be7 18. Nxd5 0-0 1-0